Unbearable weight : feminism, Western culture, and the body

Αποθηκεύτηκε σε:
Λεπτομέρειες βιβλιογραφικής εγγραφής
Κύριος συγγραφέας: Bordo, Susan 1947-
Μορφή: Βιβλίο
Γλώσσα:English
Δημοσίευση: Berkeley, Calif. : University of California Press, 2003, 1993
Έκδοση:10th anniversary ed.
Θέματα:
Ετικέτες: Προσθήκη ετικέτας
Δεν υπάρχουν, Καταχωρήστε ετικέτα πρώτοι!

MARC

LEADER 00000nam a2200000 i 4500
001 1/97492
008 081118r20031993 eng d
020 |a 0-520-24054-5 (pbk.) 
035 |l 10101733 
040 |a GR-MY-UA  |b gre  |e aacr 
041 0 |a eng 
082 0 |a 305.42  |2 (22) 
100 1 |a Bordo, Susan  |d 1947- 
245 1 0 |a Unbearable weight :  |b feminism, Western culture, and the body /  |c Susan Bordo ; new preface by the author ; new foreword by Leslie Heywood 
250 |a 10th anniversary ed. 
260 |a Berkeley, Calif. :   |b University of California Press,   |c 2003, 1993 
300 |a xxxviii, 361 σ.;  |b εικ.;  |c 23 εκ. 
500 |a Πρωτότυπη έκδοση c1993 
504 |a Περιέχει βιβλιογραφικές παραπομπές και ευρετήριο 
650 0 0 |a Feminine beauty (Aesthetics)  |z United States. 
650 0 0 |a Human body  |x Social aspects  |z United States. 
650 0 0 |a Body image  |z United States. 
650 0 0 |a Self-esteem in women  |z United States. 
650 0 0 |a Feminist criticism  |z United States. 
852 |a INST  |b LESVOS  |e 20081118  |h 305.42 BOR  |p 005100043485  |q 005100043485  |t BK  |y 0 
901 |a BIBL1-2008-3 
909 |a Λ  |b 156352 
920 |a ΕΠΕΑΕΚ ΠΜΣ ΓΥΝΑΙΚΕΣ ΚΑΙ ΦΥΛΑ  |y ΛΕΣΒΟΣ  |z 2008-09 
970 |a ΚΑΡΑ  |b ΓΙΑΣΕΜΗ  |z 2008/11/18